Alton Towers Ride Quiz! - Statistics

General Stats
  • This quiz has been taken 361 times
  • The average score is 15 of 25
Answer Stats
Hint Ride % Correct
Dont. Look. Down. Oblivion
97%
JOIN US. JOIN US. The Smiler
96%
GO! GO! GO! Rita
95%
Sit back, it's fright time! Nemesis
89%
Feed the Flames! Wickerman
88%
Choo! Choo! Runaway Mine Train
84%
Prepare for launch...(same track as above) Galactica
83%
Whizztastic Spinball Whizzer
80%
The Legend of The Towers Hex
78%
You can fly..... Air
76%
That's pretty Gangsta. Gangsta Granny
67%
The Haunted House Strikes Back! Duel
66%
The Classic Corkscrew
64%
You'd better not go....alone Th13teen
63%
Into Space... The Black Hole
60%
Splash Time! Congo River Rapids
53%
Best. Bath. Ever. The Flume
53%
Your worst nightmare. Underground. Nemesis: Sub Terra
50%
CAN YOU CUT IT?! RipSaw
44%
Oldest in the park! The Blade
43%
Baby Beast Beastie
20%
You will soon experience... Submission
15%
Adult Beast Alton Beast
13%
The Wild .....? Alton Mouse
13%
Remember the squirrels? Squirrel Nut-Kin
6%
No matching quizzes found
Score Distribution
Percent of People with Each Score
Percentile by Number Answered
Your Score History
You have not taken this quiz